Empereurs du Saint-Empire romain germanique - Statistiques

Statistiques générales
  • Ce quiz a été pris 887 fois
  • Le résultat moyen est 30 sur 45
Statistiques - réponses
Règne Dynastie Empereur Surnom % Correct
800-814 Carolingiens Charles Ier Le Grand
99%
875-877 Carolingiens Charles II le Chauve
99%
881-888 Carolingiens Charles III le Gros
99%
1355-1378 Luxembourg/Wittelsbach Charles IV du Saint-Empire
99%
1519-1558 Habsbourg Charles V Quint
99%
1711-1740 Habsbourg Charles VI de Habsbourg
99%
1742-1745 Wittelsbach Charles VII de Bavière
99%
814-840 Carolingiens Louis Ier le Pieux
93%
855-875 Carolingiens Louis II le Jeune
93%
901-905 Bivinide Louis III l'Aveugle
93%
1328-1347 Luxembourg/Wittelsbach Louis IV le Bavarois
93%
962-973 Ottoniens Otton Ier le Grand
79%
967-983 Ottoniens Otton II le Roux
79%
996-1002 Ottoniens Otton III du Saint-Empire
79%
1209-1215 Welf Otton IV du Saint-Empire
79%
1155-1190 Hohenstaufen Frédéric Ier Barberousse
78%
1215-1250 Hohenstaufen Frédéric II du Saint-Empire
78%
1452-1493 Habsbourg Frédéric III de Habsbourg
78%
1014-1024 Ottoniens Henri II le Saint
75%
1046-1056 Saliens Henri III le Noir
75%
1084-1105 Saliens Henri IV du Saint-Empire
75%
1111-1125 Saliens Henri V du Saint-Empire
75%
1191-1197 Hohenstaufen Henri VI Le Sévère
75%
1312-1313 Luxembourg/Wittelsbach Henri VII du Saint-Empire
75%
1745-1765 Maison de Lorraine François Ier de Lorraine
74%
1792-1806 Habsbourg-Lorraine François II d'Autriche
74%
1556-1564 Habsbourg Ferdinand Ier de Habsbourg
61%
1619-1637 Habsbourg Ferdinand II de Habsbourg
61%
1637-1657 Habsbourg Ferdinand III de Habsbourg
61%
840-850 Carolingiens Lothaire Ier ------------------------
58%
1133-1137 Supplimbourg Lothaire III le Saxon
58%
1508-1519 Habsbourg Maximilien Ier de Habsbourg
54%
1564-1576 Habsbourg Maximilien II de Habsbourg
54%
1705-1711 Habsbourg Joseph Ier de Habsbourg
51%
1765-1790 Habsbourg-Lorraine Joseph II d'Autriche
51%
1658-1705 Habsbourg Léopold Ier de Habsbourg
38%
1790-1792 Habsbourg-Lorraine Léopold II d'Autriche
38%
1576-1612 Habsbourg Rodolphe II de Habsbourg
38%
1027-1039 Saliens Conrad II le Salique
32%
1433-1437 Luxembourg/Wittelsbach Sigismond Ier du Saint-Empire
30%
896-899 Carolingiens Arnulf Ier de Carinthie
26%
891-984 Widonide Guy de Spolète
26%
1612-1619 Habsbourg Matthias Ier de Habsbourg
25%
915-924 Unrochide Bérenger Ier de Frioul
17%
894-898 Widonide Lambert de Spolète
17%
Aucun quiz correspondant
Distribution des résultats
% des personnes avec chaque résultat
Percentile par nombre de réponses
Votre historique - résultats
Vous n’avez pas pris ce quiz